Zur Wahrnehmung polnischer Ritter in dem Fragment "Dietrich und Wenezlan"

Titel: Zur Wahrnehmung polnischer Ritter in dem Fragment "Dietrich und Wenezlan"
Verfasser:
In: Zeszyty Naukowe Instytutu Neofilologii i Komunikacji Spolecznej / Politechnika Koszalińska. #76 2008, Heft 1 (2011), Seite 135-152
Veröffentlicht: 2011
Format: Aufsatz
Sprache: Deutsch
Kein Bild verfügbar
X
alg: 39277996
001A    $01999:11-11-16 
001B    $01999:21-05-21 $t16:55:53.000 
001D    $01999:11-11-16 
001U    $0utf8 
001X    $00 
002@    $0Aox 
003@    $039277996X 
007A    $039277996X $aHEB 
007T    $0Herdc0103105m 
010@    $ager 
011@    $a2011 
021A    $aZur Wahrnehmung polnischer Ritter in dem Fragment "Dietrich und Wenezlan" 
028A    $aLangner $dPaul Martin 
031A    $e1 $h135-152 $j2011 
039B    $aIn $cZeszyty Naukowe Instytutu Neofilologii i Komunikacji Spolecznej / Politechnika Koszalińska. #76 2008 
045F    $a800 $eDDC23BSB 
045F/01 $a800 
045F/03 $g438 

lok: 39277996 78

exp: 39277996 78 1 #EPN
201B/01 $019-04-17 $t11:34:00.000 
201U/01 $0utf8 
203@/01 $0788890085 
208@/01 $a11-11-16 $be 
209A/01 $a/ $f000 $x00 
220C/01 $aHerkunft: HI Marburg 
220C/01 $aAnmerkung: *ng 
244Z/01 $2Trx $#Poola $#Lenkija $#Polija $#Polen Land $#Poland $#Lengyelország $#Poľsko $#Polsko $8--Trx--Polska$gkraj $x01 $9391345966 
244Z/01 $2Trx $#stereotüübid $#stereotipai $#Stereotypes $#sztereotipiák $#stereotypy $#stereotypy $#stereotypy $#Imagologie $#Fremdwahrnehmung $#Fremdenwahrnehmung $#imagologia $#imagológia $#imagologie $8--Trx--Stereotype $x02 $9391366254 
244Z/01 $2Trx $#rüütelkond $#riterių luomas $#knights $#lovagi rend $#rycerstwo $#rytierstvo $#rytířstvo $8--Trx--Rittertum $x03 $9391368788 
244Z/01 $2Trx $8--Trx--Zeitschriftenaufsatz $x04 $9391384341 
245Z/01 $a11.08 $x01 
247C/01 $82080>Marburg/Lahn, Herder-Institut, Forschungsbibliothek, Bibliographieportal $9336309341
LEADER 00000caa a22000002c 4500
001 39277996X
003 DE-603
005 20210521165553.0
007 tu
008 161111s2011 xx |||| | u00||u|ger c
035 |a (DE-599)HEB39277996X 
040 |a DE-603  |b ger  |c DE-603  |d DE-603 
041 |a ger 
082 0 4 |8 1\u  |a 800  |q DE-101  |2 23/BSB 
085 |8 1\u  |b 800 
085 |8 1\u  |z 2  |s 438 
100 1 |a Langner, Paul Martin 
245 0 0 |a Zur Wahrnehmung polnischer Ritter in dem Fragment "Dietrich und Wenezlan" 
264 0 |c 2011 
773 0 8 |i In  |t Zeszyty Naukowe Instytutu Neofilologii i Komunikacji Spolecznej / Politechnika Koszalińska. #76 2008  |g Heft 1 (2011), Seite 135-152 
924 0 |9 2080  |a (DE-603)788890085  |b DE-2080  |c HES  |d d  |g /